000 nam a22 7a 4500
999 _c19205
_d19205
008 170114b xxu||||| |||| 00| 0 eng d
020 _a00054697247
050 _aND237 .R75L5 1963
100 _aLinderman,Frank Bird
245 _aRecollections of Charley Russell./
_cFrank Bird Linderman,edited by H.G. Merriam, with drawings by Charley Russell.
260 _aNorman :
_b University of Oklahoma Press ,
_cc1963
300 _axxxii,148p. :
_bill. ;
500 _aincludes index.
650 _a Russell, Charles M (Charles Marion), 1864-1926.
700 _aMerriam,H.G.
700 _aRussell,Charley
942 _2lcc
_cBOOKS
_hND237 .R75L5 1963